000 01159nam0a22002771 4500
001 rc\3544189
005 20260407140049.0
021 _aRU
_b[75-1209]
035 _a(NLR Aleph) 007671659
090 _a6440888
_c6440888
100 _a20130115d1974 |||y0rusy50 ca
101 0 _arus
102 _aRU
105 _ay z |||||
200 1 _aВопросы рудообразования и металлогении
_eПрепринт ИГФМ
_e[Сборник статей
_fРед. коллегия: акад. Я.Н. Белевцев (отв. ред.) и др.]
_gАН УССР. Ин-т геохимии и физики минералов
210 _aКиев
_cБ. и.
_d1974
215 _a61 с.
_d20
606 _aМеталлогения
_jСборники
_2psbo
606 _aРудообразование
_jСборники
_2psbo
702 1 _aБелевцев
_bЯ.Н.
_gЯков Николаевич
_4340
712 0 2 _aИнститут геохимии и физики минералов
_cКиев
_3RU\NLR\AUTH\8810005371
_9508103
801 0 _aRU
_bNLR
_gpsbo
801 1 _aRU
_bELAR
_2rusmarc
852 _aNLR
_j74-4/34302
942 _cBOOK
980 _aNB